[Event "Vecindario rapid op 2nd"]
[Site "Vecindario"]
[Date "2024.11.02"]
[Round "9"]
[White "Guerrero Vargas, Andres Jesus"]
[Black "Oudeh Mishmesh, Omar"]
[Result "0-1"]
[WhiteElo "2242"]
[BlackElo "2072"]
[PlyCount "66"]
[EventDate "2024.11.01"]
[EventType "swiss"]
[EventRounds "9"]
[EventCountry "ESP"]
[SourceTitle "CB45_2024"]
[Source "ChessBase"]
[SourceDate "2024.11.06"]
[SourceVersion "1"]
[SourceVersionDate "2024.11.06"]
[SourceQuality "1"]

1. d4 Nf6 2. Bf4 d5 3. e3 c5 4. Nf3 Nc6 5. Nbd2 cxd4 6. exd4 Bf5 7. Bb5 Rc8 8. 0-0 a6 9. Bxc6+ Rxc6 10. Ne5 Rc8 11. c4 dxc4 12. Ndxc4 e6 13. Qb3 b5 14. Ne3 Be4 15. a4 b4 16. f3 Bb7 17. a5 Be7 18. Qa4+ Kf8 19. Rfd1 Nh5 20. Bg3 Nxg3 21. hxg3 g6 22. Nc2 Qd6 23. Nd7+ Kg7 24. Nc5 Bxf3 25. Rd3 Bxg2 26. Nxb4 Ba8 27. Ncxa6 Rc4 28. d5 Rhc8 29. b3 Rg4 30. Kh2 Qe5 31. Rad1 Bxd5 32. Rxd5 exd5 33. Qd7 Qxg3+ 0-1

[Event "Vecindario rapid op 2nd"]
[Site "Vecindario"]
[Date "2024.11.01"]
[Round "1"]
[White "Gonzalez Ramos, Katia"]
[Black "Oudeh Mishmesh, Omar"]
[Result "0-1"]
[WhiteElo "1557"]
[BlackElo "2072"]
[PlyCount "50"]
[EventDate "2024.11.01"]
[EventType "swiss"]
[EventRounds "9"]
[EventCountry "ESP"]
[SourceTitle "CB45_2024"]
[Source "ChessBase"]
[SourceDate "2024.11.06"]
[SourceVersion "1"]
[SourceVersionDate "2024.11.06"]
[SourceQuality "1"]

1. e4 c6 2. d4 d5 3. e5 Bf5 4. Nf3 e6 5. Bd3 Bxd3 6. Qxd3 c5 7. 0-0 Nc6 8. c3 Qb6 9. b3 Rc8 10. Be3 cxd4 11. Bxd4 Qc7 12. Re1 Nh6 13. h3 Nf5 14. c4 dxc4 15. Qxc4 Ncxd4 16. Nxd4 Qxc4 17. bxc4 Nxd4 18. Na3 Bxa3 19. Rad1 Rxc4 20. Kh1 Ke7 21. Re3 Bc5 22. f4 Nf5 23. Red3 Rd4 24. Rxd4 Nxd4 25. Rf1 h5 0-1

[Event "Vecindario rapid op 2nd"]
[Site "Vecindario"]
[Date "2024.11.01"]
[Round "5"]
[White "Guerrero Orihuela, Jose Luis"]
[Black "Oudeh Mishmesh, Omar"]
[Result "0-1"]
[WhiteElo "1884"]
[BlackElo "2072"]
[PlyCount "48"]
[EventDate "2024.11.01"]
[EventType "swiss"]
[EventRounds "9"]
[EventCountry "ESP"]
[SourceTitle "CB45_2024"]
[Source "ChessBase"]
[SourceDate "2024.11.06"]
[SourceVersion "1"]
[SourceVersionDate "2024.11.06"]
[SourceQuality "1"]

1. d4 Nf6 2. c4 e6 3. Nf3 b6 4. a3 Bb7 5. Nc3 d5 6. cxd5 Nxd5 7. e3 Be7 8. Bb5+ c6 9. Bd3 Nd7 10. 0-0 0-0 11. e4 Nxc3 12. bxc3 c5 13. Bd2 cxd4 14. cxd4 Nc5 15. Qe2 Nxd3 16. Qxd3 Qd7 17. Rfc1 Rac8 18. Bc3 Qc6 19. Nd2 Rfd8 20. Bb2 Qa4 21. Rxc8 Rxc8 22. d5 exd5 23. Qg3 Bf8 24. exd5 Qc2 0-1

[Event "Vecindario rapid op 2nd"]
[Site "Vecindario"]
[Date "2024.11.01"]
[Round "3"]
[White "Moreno Diepa, Diego"]
[Black "Oudeh Mishmesh, Omar"]
[Result "1-0"]
[WhiteElo "2293"]
[BlackElo "2072"]
[PlyCount "61"]
[EventDate "2024.11.01"]
[EventType "swiss"]
[EventRounds "9"]
[EventCountry "ESP"]
[SourceTitle "CB45_2024"]
[Source "ChessBase"]
[SourceDate "2024.11.06"]
[SourceVersion "1"]
[SourceVersionDate "2024.11.06"]
[SourceQuality "1"]

1. e4 c5 2. Nc3 Nc6 3. Nf3 e6 4. d4 cxd4 5. Nxd4 Qc7 6. a3 a6 7. Be2 Nf6 8. Be3 Be7 9. 0-0 0-0 10. f4 d6 11. Kh1 Nxd4 12. Bxd4 b5 13. Qe1 Bb7 14. Bf3 e5 15. Be3 exf4 16. Bxf4 Nd7 17. Qg3 Ne5 18. Be2 Ng6 19. Be3 Bh4 20. Qh3 Rae8 21. Bd3 Bd8 22. Bd4 Bg5 23. Nd5 Bxd5 24. exd5 Qb7 25. Qf5 Be3 26. Bc3 Qb6 27. Rae1 Qa7 28. h4 Qe7 29. g3 Qa7 30. h5 Bd4 31. Bxd4 1-0

[Event "Tenerife-chT Preferente"]
[Site "Tenerife"]
[Date "2023.03.18"]
[Round "8.1"]
[White "Berjon Garcia, Sergio"]
[Black "Oudeh Mishmesh, Omar"]
[Result "1/2-1/2"]
[WhiteElo "2091"]
[BlackElo "2192"]
[PlyCount "135"]
[EventDate "2023.01.14"]
[EventType "team-tourn"]
[EventRounds "14"]
[EventCountry "ESP"]
[SourceTitle "EXT 2024"]
[Source "ChessBase"]
[SourceDate "2023.10.10"]
[SourceVersion "1"]
[SourceVersionDate "2023.10.10"]
[SourceQuality "1"]
[WhiteTeam "Rey Ahogado"]
[BlackTeam "Al Shah Mat Los Realejos"]
[WhiteTeamCountry "ESP"]
[BlackTeamCountry "ESP"]

1. e4 c6 2. d4 d5 3. Nc3 dxe4 4. Nxe4 Nd7 5. c3 Ngf6 6. Nxf6+ Nxf6 7. Nf3 Bg4 8. h3 Bf5 9. Ne5 e6 10. g4 Bg6 11. h4 Bd6 12. Qe2 Bxe5 13. dxe5 Qd5 14. Rh3 Nxg4 15. Qxg4 Bf5 16. Qd4 Bxh3 17. Qxd5 cxd5 18. Bxh3 Rc8 19. Be3 a6 20. Kd2 Ke7 21. Rg1 Rhg8 22. f4 g6 23. h5 Kd7 24. Bf1 b5 25. Rh1 Rh8 26. a4 Kc6 27. axb5+ axb5 28. Kc2 Ra8 29. Bd3 Rhb8 30. hxg6 hxg6 31. Rh7 Rb7 32. Kb3 Rd7 33. Bc2 Rb7 34. Bd3 Rd7 35. Kc2 Rb7 36. Bd4 Rd7 37. Be2 Rb7 38. Kb3 Rd7 39. Bd1 Ra1 40. Bc2 Ra8 41. Rh2 Rb7 42. Kb4 Ra2 43. Bb3 Ra8 44. Bd1 Ra2 45. Kb3 Ra8 46. Rh7 Rd7 47. Bf3 Rb7 48. Kc2 Rd7 49. Kd3 Ra2 50. b4 Ra8 51. Ke3 Rg8 52. Bg4 f5 53. Rxd7 Kxd7 54. Be2 Kc6 55. Kf3 g5 56. fxg5 Rxg5 57. Kf4 Rg7 58. Bf2 Rg2 59. Ke3 Rg7 60. Bd1 Rh7 61. Kf4 Rg7 62. Bh5 Kd7 63. Bc5 Rg2 64. Bf3 Rg6 65. Bf2 Rg7 66. Ke3 Rh7 67. Kf4 Rg7 68. Be2 1/2-1/2